00614 a2200193 450000100060000002000150000604000240002110000140004524000370005924500320009630000070012836200090013544000130014465000310015794200070018895201040019595201040029999900170040369611 a8526220519 cAnchieta - Itaigara aLima, Edy10aA gente que ia buscar o dialpor10aA gente que ia buscar o dia a320 a2003 1aScipione 4aLiteratura infanto-juvenil cBK 00104070a88.1b88.1d2023-11-21l0o028.5 LIM GENp2109/ITAr2023-11-21 20:04:14w2023-11-21yBK 00104070a88.1b88.1d2023-11-21l0o028.5 LIM GENp2110/ITAr2023-11-21 20:04:14w2023-11-21yBK c69611d69611